Statistics for Top 10 Bird Species with the Highest Populations

Click here to take the quiz!

General Stats

  • This quiz has been taken 17 times
  • The average score is 5 of 10

Answer Stats

Answer% Correct
Domestic Chicken
100%
European Starling
69%
Mourning Dove
63%
American Robin
56%
Common Swift
38%
Red-winged Blackbird
38%
Ring-necked Pheasant
31%
Chipping Sparrow
25%
Yellow-rumped Warbler
25%
Red-billed Quelea
13%

Score Distribution

Percentile by Number Answered

Percent of People with Each Score

Your Score History

You have not taken this quiz